000 00712cam a22002533a 4500
001 24280
003 PGUSA
005 20140828083523.0
008 080114s2008||||xxu|||||s|||||000 p eng d
040 _aPGUSA
_beng
042 _adc
050 4 _aPR
100 1 _aKeats, John,
_d1795-1821
245 1 0 _aEndymion :
_bA Poetic Romance
_h[electronic resource] /
_cJohn Keats
260 _bProject Gutenberg,
_c2008
506 _aPublic domain in the USA.
516 _aElectronic text
653 _aEnglish poetry
653 _aEndymion (Greek mythology) -- Poetry
653 _aLove poetry, Romance
830 0 _aProject Gutenberg
_v24280
856 4 0 _uhttp://www.gutenberg.org/ebooks/24280
942 _cEB
999 _c253535
_d253535